Construir sociedades de conocimiento : (Registro nro. 6839)
[ vista simple ]
| 000 -LEADER | |
|---|---|
| fixed length control field | 01746cam a2200301 a 4500 |
| 003 - CONTROL NUMBER IDENTIFIER | |
| control field | OSt |
| 005 - DATE AND TIME OF LATEST TRANSACTION | |
| control field | 20200911131908.0 |
| 008 - FIXED-LENGTH DATA ELEMENTS--GENERAL INFORMATION | |
| fixed length control field | 030912t 2003ck ad rb 000 0 spa d |
| 020 ## - INTERNATIONAL STANDARD BOOK NUMBER | |
| International Standard Book Number | 9589676081 |
| 040 ## - CATALOGING SOURCE | |
| Original cataloging agency | CO-BoPUJ |
| Transcribing agency | CO-JMCR |
| 041 1# - LANGUAGE CODE | |
| Language code of text/sound track or separate title | spa |
| Language code of original | eng |
| 082 04 - DEWEY DECIMAL CLASSIFICATION NUMBER | |
| Classification number | 378.17 / |
| Item number | P695c |
| Edition number | 21 |
| 100 1# - MAIN ENTRY--PERSONAL NAME | |
| Personal name | Pizarro, Roberto, |
| Relator term | traductor |
| 9 (RLIN) | 9708 |
| 245 10 - TITLE STATEMENT | |
| Title | Construir sociedades de conocimiento : |
| Remainder of title | nuevos desafíos para la educación terciaria / |
| Statement of responsibility, etc. | Traducción, Roberto Pizarro |
| 246 04 - VARYING FORM OF TITLE | |
| Title proper/short title | Construir sociedades de conocimiento nuevos retos para la educación terciaria |
| 260 ## - PUBLICATION, DISTRIBUTION, ETC. | |
| Place of publication, distribution, etc. | Bogotá : |
| Name of publisher, distributor, etc. | Banco Mundial, |
| Date of publication, distribution, etc. | c2003. |
| 300 ## - PHYSICAL DESCRIPTION | |
| Extent | xxxiii, 213 páginas : |
| Other physical details | ilustraciones, diagramas ; |
| Dimensions | 23 cm. |
| 490 0# - SERIES STATEMENT | |
| Series statement | Directions In Development |
| 504 ## - BIBLIOGRAPHY, ETC. NOTE | |
| Bibliography, etc. note | Incluye referencias bibliográficas páginas 205-213. |
| 505 0# - FORMATTED CONTENTS NOTE | |
| Formatted contents note | Panorama general y principales hallazgos. -- Un entorno global en constante cambio. -- Contribución de la educación terciaria al desarrollo social y económico. -- Antiguos retos por enfrentar: la crisis permanente de la educación terciaria en los países en desarrollo y transición. -- Una relación en cambio: las instituciones de educación terciaria, el mercado y el estado. -- El apoyo del Banco Mundial a la educación terciaria. |
| 534 ## - ORIGINAL VERSION NOTE | |
| Title statement of original | Constructing knowledge societies : new challenges for tertiary education. |
| 650 24 - SUBJECT ADDED ENTRY--TOPICAL TERM | |
| Topical term or geographic name entry element | Educación superior |
| General subdivision | Aspectos económicos |
| Geographic subdivision | Paises en desarrollo |
| 9 (RLIN) | 10181 |
| 650 24 - SUBJECT ADDED ENTRY--TOPICAL TERM | |
| Topical term or geographic name entry element | Asistencia educativa |
| Geographic subdivision | Paises en desarrollo |
| 9 (RLIN) | 10182 |
| 650 24 - SUBJECT ADDED ENTRY--TOPICAL TERM | |
| Topical term or geographic name entry element | Educación |
| General subdivision | Aspectos socioeconómicos |
| Geographic subdivision | Paises en desarrollo |
| 9 (RLIN) | 10183 |
| 710 24 - ADDED ENTRY--CORPORATE NAME | |
| Corporate name or jurisdiction name as entry element | Banco Mundial |
| 9 (RLIN) | 5980 |
| 942 ## - ADDED ENTRY ELEMENTS (KOHA) | |
| Source of classification or shelving scheme | Dewey Decimal Classification |
| Koha item type | Books |
| Withdrawn status | Lost status | Source of classification or shelving scheme | Damaged status | Not for loan | Home library | Current library | Date acquired | Total Checkouts | Full call number | Barcode | Date last seen | Copy number | Price effective from | Koha item type |
|---|---|---|---|---|---|---|---|---|---|---|---|---|---|---|
| Dewey Decimal Classification | Biblioteca Pública José María del Castillo y Rada | Biblioteca Pública José María del Castillo y Rada | 09/11/2020 | 378.17 / P695c | 201809804 | 05/16/2024 | Ej.1 | 04/15/2018 | Books |